<?xml version="1.0" encoding="UTF-8"?>
<record
    xmlns:xsi="http://www.w3.org/2001/XMLSchema-instance"
    xsi:schemaLocation="http://www.loc.gov/MARC21/slim http://www.loc.gov/standards/marcxml/schema/MARC21slim.xsd"
    xmlns="http://www.loc.gov/MARC21/slim">

  <leader>04515nab a22007937  4500</leader>
  <controlfield tag="003">AR-RoUNA</controlfield>
  <datafield tag="022" ind1=" " ind2=" ">
    <subfield code="a">0327-9022</subfield>
  </datafield>
  <datafield tag="040" ind1=" " ind2=" ">
    <subfield code="a">AR-RoUNA</subfield>
    <subfield code="b">spa</subfield>
  </datafield>
  <datafield tag="041" ind1=" " ind2=" ">
    <subfield code="a">spa</subfield>
  </datafield>
  <datafield tag="044" ind1=" " ind2=" ">
    <subfield code="a">ag</subfield>
  </datafield>
  <datafield tag="245" ind1=" " ind2=" ">
    <subfield code="a">Summa+ / </subfield>
    <subfield code="b">Educaci&#xF3;n y Cultura / Perfil</subfield>
  </datafield>
  <datafield tag="260" ind1=" " ind2=" ">
    <subfield code="a">Buenos Aires ,</subfield>
    <subfield code="c">1993</subfield>
  </datafield>
  <datafield tag="300" ind1=" " ind2=" ">
    <subfield code="a">144 p. :</subfield>
    <subfield code="b">il. byn.</subfield>
    <subfield code="b">planos</subfield>
    <subfield code="c">34 X25 cm.</subfield>
  </datafield>
  <datafield tag="505" ind1="0" ind2=" ">
    <subfield code="t">INDICE</subfield>
  </datafield>
  <datafield tag="505" ind1="0" ind2=" ">
    <subfield code="t">Chile - DENSIDAD INTERIOR</subfield>
  </datafield>
  <datafield tag="505" ind1="0" ind2=" ">
    <subfield code="a">Math&#xED;as Klotz / Biblioteca Central UDP, Santiago, 2010. p. 4</subfield>
  </datafield>
  <datafield tag="505" ind1="0" ind2=" ">
    <subfield code="t">Italia - LABORATORIO CULTURAL</subfield>
  </datafield>
  <datafield tag="505" ind1="0" ind2=" ">
    <subfield code="a">Dap + Studio + Paola Giaconia / Centro Cultural Roberto Gritti, Bergamo, 2010. p. 12</subfield>
  </datafield>
  <datafield tag="505" ind1="0" ind2=" ">
    <subfield code="t">CROMOS EN PENTAGRAMA</subfield>
  </datafield>
  <datafield tag="505" ind1="0" ind2=" ">
    <subfield code="a">Geza - Gri E Zucchi / Casa de la M&#xED;stica, Cervignano del Friuli, 2010. p. 18</subfield>
  </datafield>
  <datafield tag="505" ind1="0" ind2=" ">
    <subfield code="t">Chile - SOLUCI&#xD3;N MODULAR</subfield>
  </datafield>
  <datafield tag="505" ind1="0" ind2=" ">
    <subfield code="a">Sebasti&#xE1;n Irarr&#xE1;zaval Delpiano, Erick Caro y Cristi&#xE1;n Irarr&#xE1;zaval / Sala de clases modulares, S&#xE9;ptima Regi&#xF3;n, 2010. p. 24</subfield>
  </datafield>
  <datafield tag="505" ind1="0" ind2=" ">
    <subfield code="t">VISTAS SERPENTEANTES</subfield>
  </datafield>
  <datafield tag="505" ind1="0" ind2=" ">
    <subfield code="a">Ian Tidy, Albert Tidy y Cecilia Aldunate / Colegio San Sebasti&#xE1;n, Melipilla. p. 30</subfield>
  </datafield>
  <datafield tag="505" ind1="0" ind2=" ">
    <subfield code="t">Argentina - FAMILIA PROTOT&#xCD;PICA</subfield>
  </datafield>
  <datafield tag="505" ind1="0" ind2=" ">
    <subfield code="a">Unidad de proyectos especiales, Ministerio de obras p&#xFA;blicas y vivienda Gobierno de Santa Fe / Escuela T&#xE9;cnica N&#xBA;508, Sta. Fe, 2011. p. 38</subfield>
  </datafield>
  <datafield tag="505" ind1="0" ind2=" ">
    <subfield code="a">Unidad de proyectos especiales, Ministerio de obras p&#xFA;blicas y vivienda Gobierno de Santa Fe / Jard&#xED;n de Infantes N&#xBA;121 &#xA8;General L&#xF3;pez&#xA8;, Sta. Fe, 2012. p. 42</subfield>
  </datafield>
  <datafield tag="505" ind1="0" ind2=" ">
    <subfield code="t">Portugal - VARIACI&#xD3;N Y TEMA</subfield>
  </datafield>
  <datafield tag="505" ind1="0" ind2=" ">
    <subfield code="a">Claudio Sat, Unipessoal, LDA / Complejo &#xA8;Dos Arcos&#xA8;, 2007. p. 46</subfield>
  </datafield>
  <datafield tag="505" ind1="0" ind2=" ">
    <subfield code="a">Claudio Sat, Unipessoal, LDA / Complejo Alvito, &#xD3;bidos, 2010. p. 49</subfield>
  </datafield>
  <datafield tag="505" ind1="0" ind2=" ">
    <subfield code="a">Claudio Sat, Unipessoal, LDA / Complejo Furadouro, &#xD3;bidos, 2010. p. 50</subfield>
  </datafield>
  <datafield tag="505" ind1="0" ind2=" ">
    <subfield code="t">Espa&#xF1;a - OTO&#xD1;O Y PRIMERA</subfield>
  </datafield>
  <datafield tag="505" ind1="0" ind2=" ">
    <subfield code="a">Mestura Arq. / Ceip 2L Martinet, Barcelona, Espa&#xF1;a, 2010. p. 54</subfield>
  </datafield>
  <datafield tag="505" ind1="0" ind2=" ">
    <subfield code="t">Brasil - ABIERTO AL PAISAJE</subfield>
  </datafield>
  <datafield tag="505" ind1="0" ind2=" ">
    <subfield code="a">GrupoSP / Escuela P&#xFA;blica en Votorantim (San Pablo), 2008. p. 60</subfield>
  </datafield>
  <datafield tag="505" ind1="0" ind2=" ">
    <subfield code="t">Pakist&#xE1;n - CONSTRUCCIONES DID&#xC1;CTICAS</subfield>
  </datafield>
  <datafield tag="505" ind1="0" ind2=" ">
    <subfield code="a">Roswag / Escuela Tipu Sultan Merkez, Pakist&#xE1;n, 2010. p. 66</subfield>
  </datafield>
  <datafield tag="505" ind1="0" ind2=" ">
    <subfield code="a">Escuela Serrano, Sta. Fe, 2011. p. 68</subfield>
  </datafield>
  <datafield tag="505" ind1="0" ind2=" ">
    <subfield code="a">Al borde, David Barrag&#xE1;n &amp; Pascual Gangotena / Manab&#xED;, Ecuador, 2009. p. 70</subfield>
  </datafield>
  <datafield tag="505" ind1="0" ind2=" ">
    <subfield code="t">M&#xE9;xico - JUEGO DE SEDUCCI&#xD3;N</subfield>
  </datafield>
  <datafield tag="505" ind1="0" ind2=" ">
    <subfield code="a">Taller de arquitectura - Mauricio Rocha, Gabriela Carrillo, Carlos Facio, Rafael Carrillo / Escuela de artes pl&#xE1;sticas de Oaxaca, 2008. p. 76</subfield>
  </datafield>
  <datafield tag="505" ind1="0" ind2=" ">
    <subfield code="a">Jorge Hampton / La sombra en Am&#xE9;rica Latina. p. 78</subfield>
  </datafield>
  <datafield tag="505" ind1="0" ind2=" ">
    <subfield code="t">SMALL AND SMART: Expresiones de la arquitectura contempor&#xE1;nea eslovena</subfield>
  </datafield>
  <datafield tag="505" ind1="0" ind2=" ">
    <subfield code="a">Museum of architecture and desing, 2011. p. 82</subfield>
  </datafield>
  <datafield tag="505" ind1="0" ind2=" ">
    <subfield code="a">Architektura Kru&#xA8;sec / Facultad  de Biotecnolog&#xED;a (Universidad de Ljubljana), Eslovenia, 2010. p. 84


</subfield>
  </datafield>
  <datafield tag="505" ind1="0" ind2=" ">
    <subfield code="a">Maru&#xA8;sa Zorec, Martina Tepnica / Plaza y Altar a cielo abierto, Brezie, Eslovenia, 2008. p. 86</subfield>
  </datafield>
  <datafield tag="505" ind1="0" ind2=" ">
    <subfield code="a">Bevk Perovic / House D, Eslovenia, 2008. p. 88</subfield>
  </datafield>
  <datafield tag="505" ind1="0" ind2=" ">
    <subfield code="a">Dekleva Gregoric / Planta de reciclado de metal, Odpad Pivka, Eslovenia,  2007. p. 90</subfield>
  </datafield>
  <datafield tag="505" ind1="0" ind2=" ">
    <subfield code="a">Arhe, D.O.O / Viviendas en calle Jur&#xA8;ckova, Eslovenia, 2009. p. 92</subfield>
  </datafield>
  <datafield tag="505" ind1="0" ind2=" ">
    <subfield code="a">Anatxu Zabalbeascoa / Paredes y Pedrosa: Arquitectura de reparaci&#xF3;n. p. 94</subfield>
  </datafield>
  <datafield tag="505" ind1="0" ind2=" ">
    <subfield code="a">Paredes Pedrosa / Biblioteca P&#xFA;blica de Ceuta, Espa&#xF1;a, 2012. p. 96</subfield>
  </datafield>
  <datafield tag="505" ind1="0" ind2=" ">
    <subfield code="a">Paredes Pedrosa / Auditorio de Lugo, Espa&#xF1;a, 2016. p. 98</subfield>
  </datafield>
  <datafield tag="505" ind1="0" ind2=" ">
    <subfield code="a">Paredes Pedrosa / Museo Wsigodo de M&#xE9;rida, Espa&#xF1;a, 2011. p. 100</subfield>
  </datafield>
  <datafield tag="505" ind1="0" ind2=" ">
    <subfield code="a">Paredes Pedrosa / Museo de Almer&#xED;a, Espa&#xF1;a, 2004. p. 102</subfield>
  </datafield>
  <datafield tag="505" ind1="0" ind2=" ">
    <subfield code="a">Paredes Pedrosa / Villa Romana La Olmeda, Espa&#xF1;a, 2009. p. 106</subfield>
  </datafield>
  <datafield tag="505" ind1="0" ind2=" ">
    <subfield code="a">Paredes Pedrosa  / Universidad Popular Infantiol, UPI Gandia, Espa&#xF1;a, 2011. p. 110</subfield>
  </datafield>
  <datafield tag="505" ind1="0" ind2=" ">
    <subfield code="a">Ignacio Ros Olano / Colonia del Sacramento en papel. p. 117</subfield>
  </datafield>
  <datafield tag="505" ind1="0" ind2=" ">
    <subfield code="a">Ruth Verde Zein /  El c&#xED;rculo abierto de la modernidad. p. 118</subfield>
  </datafield>
  <datafield tag="505" ind1="0" ind2=" ">
    <subfield code="a">Rafael E.J. Iglesia / Habitando en la esquina. p. 120</subfield>
  </datafield>
  <datafield tag="505" ind1="0" ind2=" ">
    <subfield code="a">Roberto Fern&#xE1;ndez / Contraluz del Siglo: La Gran Saga Pynchon. p. 123</subfield>
  </datafield>
  <datafield tag="505" ind1="0" ind2=" ">
    <subfield code="a">Mario Sabugo / La escuela de Fr&#xE1;ncfort. p. 126</subfield>
  </datafield>
  <datafield tag="505" ind1="0" ind2=" ">
    <subfield code="a">Carlos Gustavo Gim&#xE9;nez / El distrito tecnol&#xF3;gico de Buenos Aires. p. 128</subfield>
  </datafield>
  <datafield tag="650" ind1=" " ind2=" ">
    <subfield code="a">Arquitectura contempor&#xE1;nea</subfield>
  </datafield>
  <datafield tag="773" ind1="0" ind2=" ">
    <subfield code="a">Summa+</subfield>
    <subfield code="d">Buenos Aires, Argentina</subfield>
    <subfield code="g">N&#xBA;121 (abr-2012), p. 128</subfield>
    <subfield code="x">0327-9022</subfield>
  </datafield>
  <datafield tag="908" ind1=" " ind2=" ">
    <subfield code="a">Imp</subfield>
  </datafield>
  <datafield tag="942" ind1=" " ind2=" ">
    <subfield code="2">udc</subfield>
    <subfield code="c">ART</subfield>
  </datafield>
  <datafield tag="945" ind1=" " ind2=" ">
    <subfield code="a">MBP</subfield>
    <subfield code="d">2022-07-08</subfield>
  </datafield>
  <datafield tag="980" ind1=" " ind2=" ">
    <subfield code="8">138</subfield>
    <subfield code="g">Carolina Rainero</subfield>
    <subfield code="6">138</subfield>
    <subfield code="a">Carolina Rainero</subfield>
  </datafield>
  <datafield tag="999" ind1=" " ind2=" ">
    <subfield code="c">12258</subfield>
    <subfield code="d">12258</subfield>
  </datafield>
  <datafield tag="952" ind1=" " ind2=" ">
    <subfield code="0">0</subfield>
    <subfield code="1">0</subfield>
    <subfield code="2">udc</subfield>
    <subfield code="4">0</subfield>
    <subfield code="7">0</subfield>
    <subfield code="a">AR-RoUNA</subfield>
    <subfield code="b">AR-RoUNA</subfield>
    <subfield code="c">Heme</subfield>
    <subfield code="d">2025-11-18</subfield>
    <subfield code="e">Sub</subfield>
    <subfield code="l">0</subfield>
    <subfield code="p">1002857</subfield>
    <subfield code="r">2025-11-18</subfield>
    <subfield code="t">ej. 1</subfield>
    <subfield code="w">2025-11-18</subfield>
    <subfield code="y">ART</subfield>
    <subfield code="k">K6</subfield>
    <subfield code="x"></subfield>
  </datafield>
</record>
